00509nam a2200169Ia 450000500170000000800410001702000150005808200130007310000170008624500200010326000500012330000200017350000270019394200060022095200980022699900150032420250430011252.0240331s9999 xx 000 0 und d a9558104167 bPOOa891 aPoolan Devi  0aPoolan Devi 2-3 aAthulkottebA.S. printers & Publishersc1999 a151 p ., ( P 2) aA book of Phoolan Devi cL 001040708LaWERCLbWERCLcSSCd2024-03-31l0o 891.48 POOp4352r2024-03-31w2024-03-31yL c5578d5578